Catálogo
 En Linea

Historias inequívocas : (Registro nro. 37194)

Detalles MARC
000 -CABECERA
campo de control de longitud fija 00422nam a2200145 a 4500
001 - NÚMERO DE CONTROL
campo de control 000037704
005 - FECHA Y HORA DE LA ÚLTIMA TRANSACCIÓN
campo de control 20201002031114.0
008 - DATOS DE LONGITUD FIJA--INFORMACIÓN GENERAL
campo de control de longitud fija 121115s2012 dr 000 0 spa d
020 ## - NÚMERO INTERNACIONAL ESTÁNDAR DEL LIBRO
Número Internacional Estándar del Libro 9789945489064
040 ## - FUENTE DE LA CATALOGACIÓN
Centro catalogador/agencia de origen DO-SdBNP
Lengua de catalogación spa
Centro/agencia transcriptor BNPHU
100 1# - ENTRADA PRINCIPAL--NOMBRE DE PERSONA
Nombre de persona Cepeda, Ginni
9 (RLIN) 64165
245 10 - MENCIÓN DE TÍTULO
Título Historias inequívocas :
Resto del título cuentos breves /
Mención de responsabilidad, etc. Ginni Cepeda.
260 ## - PUBLICACIÓN, DISTRIBUCIÓN, ETC.
Lugar de publicación, distribución, etc. Santo Domingo :
Nombre del editor, distribuidor, etc. Santuario,
Fecha de publicación, distribución, etc. 2012.
300 ## - DESCRIPCIÓN FÍSICA
Extensión 97 p. : ;
Dimensiones 23 cm.

No hay ítems disponibles.

Con tecnología Koha